The efficiency of foreign exchange market: expirical evidence from Australian dollar and Japanese yen (Record no. 40201)

000 -LEADER
fixed length control field 00456pab a2200157 454500
008 - FIXED-LENGTH DATA ELEMENTS--GENERAL INFORMATION
fixed length control field 180718b1998 xxu||||| |||| 00| 0 eng d
100 ## - MAIN ENTRY--PERSONAL NAME
Personal name Salim, Ruhul A.
245 ## - TITLE STATEMENT
Title The efficiency of foreign exchange market: expirical evidence from Australian dollar and Japanese yen
260 ## - PUBLICATION, DISTRIBUTION, ETC.
Date of publication, distribution, etc. 1998
300 ## - PHYSICAL DESCRIPTION
Extent p.427-45
362 ## - DATES OF PUBLICATION AND/OR SEQUENTIAL DESIGNATION
Dates of publication and/or sequential designation Apr
650 ## - SUBJECT ADDED ENTRY--TOPICAL TERM
Topical term or geographic name entry element Foreign exchange
700 ## - ADDED ENTRY--PERSONAL NAME
Personal name Ahmad, Mofizuddin
773 ## - HOST ITEM ENTRY
Main entry heading Indian Journal of Economics
909 ## -
-- 40201
Holdings
Withdrawn status Lost status Damaged status Not for loan Permanent Location Current Location Date acquired Serial Enumeration / chronology Barcode Date last seen Price effective from Koha item type
        Indian Institute of Public Administration Indian Institute of Public Administration 2018-07-19 Volume no: 78, Issue no: 311 AR40575 2018-07-19 2018-07-19 Articles

Powered by Koha